Statistics for Animal in flag by State name

Click here to take the quiz!

General Stats

  • This quiz has been taken 12 times
  • The average score is 9 of 15

Answer Stats

CountryAnimal% Correct
AlbaniaEagle
82%
KazakhstanEagle
82%
MexicoEagle
82%
BhutanDragon
73%
Papua New GuineaBird of paradise
64%
KiribatiGreat Frigatebird
64%
Sri lankaLion
64%
FijiLion
64%
DominicaParrot
64%
ZimbabweZimbabwe bird
64%
AndorraCows
36%
Canary IslandsDogs
36%
BelizeHuman
36%
PeruLlama
36%
UgandaGrey Crowned Crane
18%

Score Distribution

Percentile by Number Answered

Percent of People with Each Score

Your Score History

You have not taken this quiz